Rèn luyện kĩ năng khái quát háo để hình thành các khái niệm Sinh học ở cấp độ cơ thể trong dạy học các bài toán tổng kết chương [Sinh học 11] /

Wedi'i Gadw mewn:
Manylion Llyfryddiaeth
Prif Awdur: Nguyễn Ngọc Linh, ThS.
Awduron Eraill: TS.
Fformat: Erthygl
Iaith:Vietnamese
Pynciau:
Tagiau: Ychwanegu Tag
Dim Tagiau, Byddwch y cyntaf i dagio'r cofnod hwn!
Thư viện lưu trữ: Thư viện Trường Đại học Đà Lạt
LEADER 00942nam a2200277 4500
001 DLU150169426
005 ##20150521
040 # # |a DLU  |b vie 
041 # # |a vie 
044 # # |a vn 
100 # # |a Nguyễn Ngọc Linh,   |c ThS. 
245 # # |a Rèn luyện kĩ năng khái quát háo để hình thành các khái niệm Sinh học ở cấp độ cơ thể trong dạy học các bài toán tổng kết chương [Sinh học 11] /  |c Nguyễn Ngọc Linh, Lê Thanh Oai. 
653 # # |a Khái quát hóa 
653 # # |a Môn Sinh học 
653 # # |a Rèn luyện kĩ năng 
700 # # |c TS. 
773 # # |t Tạp chí Giáo Dục  |g Số 285(1), 5/ 2012, tr.55-56 
920 # # |a Phòng Tạp chí -- Trung tâm Thông tin - Thư viện Trường Đại học Đà Lạt 
994 # # |a DLU 
900 # # |a True 
911 # # |a Trần Thị Minh Hương 
925 # # |a G 
926 # # |a A 
927 # # |a BB 
980 # # |a Thư viện Trường Đại học Đà Lạt